00379nam a2200133 4500003000900000005001700009008004100026020002300067040001300090082001900103100001900122245005800141260004600199SEACOMEC20240611123037.0240611b |||||||| |||| 00| 0 eng d a8188429554c400.00 aSEACOMEC a333.7068bV684 aVigneswaran, S aEnvironmental managementcS. Vigneswaran, ..[et al.]. a New Delhi, Scitech Publications, c2004.